[Event "DVM U14 2012"]
[Site "Magdeburg GER"]
[Date "2012.12.28"]
[Round "3"]
[White "Altstadt, Karl-Simon"]
[Black "Bauer, Björn-Benny"]
[Result "0-1"]
[Termination "normal"]
[Board "3.1"]
[WhiteElo "1807"]
[BlackElo "2022"]
[WhiteTeam "USV Volksbank Halle"]
[BlackTeam "SK Gau-Algesheim"]
[WhiteFideId "24696676"]
[BlackFideId "24698741"]
[EventCountry "GER"]
[EventRounds "7"]
[EventType "team-swiss"]
[EventDate "2012.12.26"]

1. e4 c5 2. Nf3 Nc6 3. d4 cxd4 4. Nxd4 Nf6 5. Nc3 e5 6. Ndb5 d6 7. Bg5 a6 8.
Na3 b5 9. Nd5 Be7 10. Bxf6 Bxf6 11. c4 Nd4 12. cxb5 Be6 13. Bc4 Bxd5 14. Bxd5
Rb8 15. O-O axb5 16. Nc2 O-O 17. Nxd4 exd4 18. Qb3 Qd7 19. Rac1 Rbc8 20. Qd3
Rc5 21. Qd2 Rfc8 22. f4 Bd8 23. Rxc5 dxc5 24. Rf3 Qd6 25. Kh1 Bb6 26. Qe1 c4
27. Qh4 d3 28. Qh5 Rf8 29. Rh3 h6 30. Qf3 Qc5 31. Qd1 Qd4 32. Rf3 Qxb2 33. a4
Qe2 34. Rf1 c3 35. Bb3 Qxd1 36. Rxd1 c2 0-1

[Event "DVM U14 2012"]
[Site "Magdeburg GER"]
[Date "2012.12.28"]
[Round "3"]
[White "Grieb, Lukas"]
[Black "Kretzschmar, Arnd"]
[Result "0-1"]
[Termination "normal"]
[Board "3.2"]
[WhiteElo "1599"]
[BlackElo "1736"]
[WhiteTeam "SK Gau-Algesheim"]
[BlackTeam "USV Volksbank Halle"]
[WhiteFideId "1271993"]
[BlackFideId "12914835"]
[EventCountry "GER"]
[EventRounds "7"]
[EventType "team-swiss"]
[EventDate "2012.12.26"]

1. e4 c5 2. Nf3 d6 3. Bb5+ Bd7 4. Bxd7+ Nxd7 5. d4 cxd4 6. Nxd4 Ngf6 7. f3 g6
8. c4 Bg7 9. Be3 O-O 10. Nc3 Qb6 11. Qd2 Qc7 12. b3 a6 13. Rc1 Rfc8 14. Ke2 a5
15. Ndb5 Qd8 16. Nd5 Nxd5 17. Qxd5 b6 18. Bd4 Nf6 19. Bxf6 Bxf6 20. Qd2 Rc5 21.
Nc3 Bxc3 22. Rxc3 Qc7 23. Rhc1 Rc8 24. Qd3 e6 25. Kd2 d5 26. g3 dxc4 27. Qe3
Qd6+ 28. Ke2 cxb3 29. Rxc5 Rxc5 30. Rxc5 Qxc5 31. axb3 Qxe3+ 32. Kxe3 e5 33.
Kd3 b5 34. f4 f6 35. fxe5 fxe5 36. g4 Kf7 37. g5 Ke6 38. Kc3 Kd6 39. b4 axb4+
40. Kxb4 Kc6 41. Kb3 Kc5 42. Kc3 b4+ 43. Kd3 b3 44. Kc3 b2 45. Kxb2 Kd4 46. Kc2
Kxe4 47. Kc1 Ke3 48. Kc2 e4 49. Kd1 Kf2 0-1

[Event "DVM U14 2012"]
[Site "Magdeburg GER"]
[Date "2012.12.28"]
[Round "3"]
[White "Schulte, Felix"]
[Black "Erlekam, Simon"]
[Result "1/2-1/2"]
[Termination "normal"]
[Board "3.3"]
[WhiteElo "1779"]
[BlackElo "1659"]
[WhiteTeam "USV Volksbank Halle"]
[BlackTeam "SK Gau-Algesheim"]
[WhiteFideId "12914800"]
[BlackFideId "12921416"]
[EventCountry "GER"]
[EventRounds "7"]
[EventType "team-swiss"]
[EventDate "2012.12.26"]

1. e4 c5 2. Nf3 Nc6 3. d4 cxd4 4. Nxd4 d6 5. Nc3 a6 6. Be3 g6 7. Qd2 Bg7 8. Bc4
Nf6 9. f3 Bd7 10. O-O-O b5 11. Bb3 O-O 12. h4 h5 13. Nd5 Ne5 14. Nxf6+ Bxf6 15.
Bg5 Bg7 16. Bh6 Rc8 17. Bxg7 Kxg7 18. g4 hxg4 19. f4 Nf3 20. Nxf3 gxf3 21. h5
Rh8 22. Qd4+ f6 23. hxg6 Qc7 24. Rh7+ Rxh7 25. gxh7 Qc5 26. Rg1+ Kh8 27. Qxc5
dxc5 28. Bf7 Bh3 29. Rg8+ Kxh7 30. Rg3 Bg4 31. Rxg4 f2 32. Rh4+ Kg7 33. Rh1
Kxf7 34. Rf1 Rd8 35. Rxf2 Rd4 36. Re2 f5 37. exf5 Rxf4 38. Re6 Rxf5 39. Rxa6 c4
40. c3 e5 41. a4 bxa4 42. Rxa4 Rf4 43. Kd2 Ke6 44. Ke3 Kf5 45. Ra8 Ke6 46. Re8+
1/2-1/2

[Event "DVM U14 2012"]
[Site "Magdeburg GER"]
[Date "2012.12.28"]
[Round "3"]
[White "Jusman, Jesse Samuel"]
[Black "Hartge, Gedeon"]
[Result "0-1"]
[Termination "normal"]
[Board "3.4"]
[WhiteElo "1138"]
[BlackElo "1626"]
[WhiteTeam "SK Gau-Algesheim"]
[BlackTeam "USV Volksbank Halle"]
[WhiteFideId "12926043"]
[BlackFideId "12932116"]
[EventCountry "GER"]
[EventRounds "7"]
[EventType "team-swiss"]
[EventDate "2012.12.26"]

1. e4 c5 2. Nf3 e6 3. d4 cxd4 4. Nxd4 a6 5. Nc3 Qc7 6. Qd3 Nf6 7. g3 Nc6 8. Bg2
Bc5 9. Nf3 O-O 10. O-O Rd8 11. Bf4 d6 12. Bg5 Qe7 13. Rfe1 h6 14. Be3 Bxe3 15.
Rxe3 Ng4 16. Re2 Nge5 17. Qe3 Nc4 18. Qc1 Bd7 19. Rb1 Rac8 20. Qe1 N4e5 21. Rd1
Nxf3+ 22. Bxf3 Ne5 23. Bg2 Bc6 24. f4 Nc4 25. f5 Nxb2 26. Rd4 b5 27. fxe6 fxe6
28. e5 Bxg2 29. Kxg2 d5 30. Qd2 Nc4 31. Qc1 Rf8 32. Rg4 Kh8 33. Rf4 Rxf4 34.
Qxf4 Rf8 35. Qd4 Qf7 36. Qf2 Qxf2+ 37. Rxf2 Rxf2+ 38. Kxf2 Nxe5 39. Ne2 Kg8 40.
h3 Kf7 41. Ke3 Nd7 42. Nd4 e5 43. Nc6 Kf6 44. Nb4 d4+ 45. Ke2 a5 46. Nd5+ Kf5
47. Kf3 e4+ 48. Ke2 Nc5 49. g4+ Ke5 50. Ne7 a4 51. Ng6+ Kd5 52. Nf4+ Kc4 53.
Kd2 e3+ 54. Ke1 Kc3 55. Nd3 Nxd3+ 56. cxd3 Kxd3 57. Kf1 Ke4 58. Ke1 d3 59. Kd1
e2+ 60. Ke1 Ke3 0-1

[Event "DVM U14 2012"]
[Site "Magdeburg GER"]
[Date "2012.12.28"]
[Round "3"]
[White "Bingert, Tim Niklas"]
[Black "Rausch, Adrian"]
[Result "1-0"]
[Termination "normal"]
[Board "4.1"]
[WhiteElo "1973"]
[BlackElo "1751"]
[WhiteTeam "SK Langen"]
[BlackTeam "SV Backnang"]
[WhiteFideId "12917907"]
[BlackFideId "12929069"]
[EventCountry "GER"]
[EventRounds "7"]
[EventType "team-swiss"]
[EventDate "2012.12.26"]

1. e4 c6 2. d4 d5 3. e5 Bf5 4. Be3 e6 5. Nd2 Nd7 6. Ngf3 Ne7 7. Nh4 Bg6 8. Nxg6
hxg6 9. Be2 c5 10. c3 Nf5 11. O-O Be7 12. Bd3 c4 13. Bc2 Bg5 14. Qe2 Bxe3 15.
fxe3 Qg5 16. e4 Ne3 17. Nf3 Qf4 18. g3 Qh6 19. Rfe1 Nxc2 20. Qxc2 O-O 21. exd5
exd5 22. Qc1 Qxc1 23. Raxc1 Rfe8 24. b3 b5 25. Kf2 Nf8 26. Ke3 Ne6 27. Kd2 Kf8
28. Rf1 Ke7 29. Rf2 a5 30. bxc4 bxc4 31. Rb1 Rab8 32. Kc1 Rxb1+ 33. Kxb1 Rb8+
34. Kc1 Rb6 35. h4 Rb7 36. Ne1 g5 37. Ng2 g6 38. Ne3 gxh4 39. Nxd5+ Kf8 40.
gxh4 Ng7 41. Ne3 Rc7 42. d5 Rc5 43. Rf4 Nf5 44. Rxc4 Rxc4 45. Nxc4 Nxh4 46.
Nxa5 Nf3 47. Nc6 g5 48. Kd1 g4 49. Ke2 Ng5 50. Ke3 g3 51. c4 Ne4 52. Kf3 Nd2+
53. Kxg3 Nxc4 54. Kf4 Ke8 55. Ke4 Kd7 56. a4 Nb2 57. a5 Nc4 58. Kd4 Nb2 59. a6
Na4 60. a7 1-0

[Event "DVM U14 2012"]
[Site "Magdeburg GER"]
[Date "2012.12.28"]
[Round "3"]
[White "Maier, Lukas"]
[Black "Berkes, Alexander"]
[Result "1/2-1/2"]
[Termination "normal"]
[Board "4.2"]
[WhiteElo "1693"]
[BlackElo "1834"]
[WhiteTeam "SV Backnang"]
[BlackTeam "SK Langen"]
[WhiteFideId "12946184"]
[BlackFideId "12901636"]
[EventCountry "GER"]
[EventRounds "7"]
[EventType "team-swiss"]
[EventDate "2012.12.26"]

1. d4 Nf6 2. c4 g6 3. Nc3 Bg7 4. Bg5 d6 5. Nf3 O-O 6. e4 h6 7. Be3 e5 8. d5 Ng4
9. Qd2 f5 10. exf5 gxf5 11. h3 Nxe3 12. Qxe3 Na6 13. O-O-O Nc5 14. Nd2 a5 15.
f4 Re8 16. Nf3 exf4 17. Qxf4 Ne4 18. Nxe4 Rxe4 19. Qd2 Qf6 20. Bd3 Re3 21. Qc2
f4 22. Rhe1 Rxd3 23. Rxd3 Bf5 24. Red1 Re8 25. Nd4 1/2-1/2

[Event "DVM U14 2012"]
[Site "Magdeburg GER"]
[Date "2012.12.28"]
[Round "3"]
[White "Özdemir, Ali Özden"]
[Black "Soos, Philipp"]
[Result "1/2-1/2"]
[Termination "normal"]
[Board "4.3"]
[WhiteElo "1848"]
[BlackElo "1604"]
[WhiteTeam "SK Langen"]
[BlackTeam "SV Backnang"]
[WhiteFideId "12952745"]
[BlackFideId "12943967"]
[EventCountry "GER"]
[EventRounds "7"]
[EventType "team-swiss"]
[EventDate "2012.12.26"]

1. Nf3 Nf6 2. d4 g6 3. c4 c5 4. Nc3 cxd4 5. Nxd4 Bg7 6. e4 d6 7. Be2 Nbd7 8.
Be3 Nb6 9. O-O Bd7 10. f3 Rc8 11. b3 O-O 12. Qd2 Qc7 13. Rac1 Rcd8 14. Rfd1
Rfe8 15. Ndb5 Qb8 16. Nd4 Qc7 17. Nd5 Nbxd5 18. exd5 Qb8 19. Re1 e6 20. dxe6
Bxe6 21. Nxe6 Rxe6 22. Bf4 Nh5 23. Bh6 Rde8 24. Bxg7 Nxg7 25. Bd3 Qd8 1/2-1/2

[Event "DVM U14 2012"]
[Site "Magdeburg GER"]
[Date "2012.12.28"]
[Round "3"]
[White "Zouani, Samir"]
[Black "Reidl, Jorit"]
[Result "1-0"]
[Termination "normal"]
[Board "4.4"]
[WhiteElo "1486"]
[BlackElo "1058"]
[WhiteTeam "SV Backnang"]
[BlackTeam "SK Langen"]
[WhiteFideId "12946206"]
[BlackFideId "12964760"]
[EventCountry "GER"]
[EventRounds "7"]
[EventType "team-swiss"]
[EventDate "2012.12.26"]

1. e4 e5 2. Nf3 Nc6 3. Bc4 Nf6 4. Ng5 d5 5. exd5 Na5 6. Bb5+ c6 7. dxc6 bxc6 8.
Ba4 Bc5 9. h3 Qd4 10. Qe2 O-O 11. Nc3 Re8 12. a3 Ba6 13. Nf3 Qf4 14. d3 Qf5 15.
Ne4 Bd4 16. Nxd4 exd4 17. f3 Qg6 18. b4 Nxe4 19. fxe4 Re6 20. bxa5 Rae8 21.
Bxc6 Rxc6 22. Kd1 Rec8 23. Ra2 Qg3 24. Bd2 R8c7 25. Rf1 Rb7 26. Bb4 Bb5 27. Qf3
Qc7 28. Qf4 Qc8 29. Qf5 Qe8 30. Kd2 Ba4 31. Rf4 Rbc7 32. Rh4 g6 33. Qg5 Rxc2+
34. Rxc2 Rxc2+ 35. Ke1 1-0

[Event "DVM U14 2012"]
[Site "Magdeburg GER"]
[Date "2012.12.28"]
[Round "3"]
[White "Oberhofer, Cédric"]
[Black "Sawlin, Leonid"]
[Result "0-1"]
[Termination "normal"]
[Board "5.1"]
[WhiteElo "1849"]
[BlackElo "1969"]
[WhiteTeam "SC Bavaria Regensburg 1881"]
[BlackTeam "TuS Makkabi Berlin"]
[WhiteFideId "12941220"]
[BlackFideId "4689542"]
[EventCountry "GER"]
[EventRounds "7"]
[EventType "team-swiss"]
[EventDate "2012.12.26"]

1. e4 e6 2. d4 d5 3. e5 c5 4. c3 Qb6 5. Nf3 Bd7 6. a3 a5 7. a4 Nc6 8. Na3 cxd4
9. Nb5 dxc3 10. bxc3 Bc5 11. Bd3 f6 12. Rb1 Qd8 13. Bf4 Rc8 14. O-O fxe5 15.
Nxe5 Nf6 16. Qe2 O-O 17. Bg3 Qe8 18. c4 Nb4 19. cxd5 exd5 20. Rfe1 Qd8 21. Bh4
Bxb5 22. Bxb5 Qd6 23. Nd3 Ne4 24. Nxc5 Rxc5 25. Bg3 Qh6 26. Qe3 Qxe3 27. fxe3
Rd8 28. Bh4 g5 29. Bg3 Nc3 30. Rb3 Nc2 31. Bd3 Nxe1 32. Bxe1 Ne4 33. Rxb7 Rf8
34. Rb1 Nc3 35. Ra1 Nxa4 36. Bd2 Nb2 37. Bb1 Nc4 38. Bc1 Ra8 39. Bd3 a4 40. e4
a3 41. exd5 a2 42. Bxg5 Ne5 43. Bf5 Nf7 44. Be6 Rb5 45. Rf1 a1=Q 46. Bxf7+ Kg7
47. Bf6+ Qxf6 0-1

[Event "DVM U14 2012"]
[Site "Magdeburg GER"]
[Date "2012.12.28"]
[Round "3"]
[White "Schmidek, Emil"]
[Black "Dechant, Georg"]
[Result "1-0"]
[Termination "normal"]
[Board "5.2"]
[WhiteElo "1882"]
[BlackElo "1704"]
[WhiteTeam "TuS Makkabi Berlin"]
[BlackTeam "SC Bavaria Regensburg 1881"]
[WhiteFideId "12908150"]
[BlackFideId "12956716"]
[EventCountry "GER"]
[EventRounds "7"]
[EventType "team-swiss"]
[EventDate "2012.12.26"]

1. e4 c5 2. Nf3 Nc6 3. d4 cxd4 4. Nxd4 e6 5. c4 Qc7 6. Be3 Nf6 7. Nc3 Bb4 8.
Qc2 a6 9. f3 O-O 10. Be2 Re8 11. O-O d6 12. Kh1 Bd7 13. Nxc6 bxc6 14. Bg5 Qd8
15. f4 Bxc3 16. bxc3 e5 17. f5 Qe7 18. Rad1 Rad8 19. Rd3 Bc8 20. Rg3 Kh8 21.
Rh3 Bb7 22. Qb1 h6 23. Qc1 Kg8 24. Bxh6 Nxe4 25. f6 gxf6 26. Bg7 1-0

[Event "DVM U14 2012"]
[Site "Magdeburg GER"]
[Date "2012.12.28"]
[Round "3"]
[White "Oberhofer, Marie"]
[Black "Hübner, Alan-Ari"]
[Result "0-1"]
[Termination "normal"]
[Board "5.3"]
[WhiteElo "1426"]
[BlackElo "1789"]
[WhiteTeam "SC Bavaria Regensburg 1881"]
[BlackTeam "TuS Makkabi Berlin"]
[WhiteFideId "12938165"]
[BlackFideId "12903965"]
[EventCountry "GER"]
[EventRounds "7"]
[EventType "team-swiss"]
[EventDate "2012.12.26"]

1. e4 c5 2. Nf3 d6 3. d4 cxd4 4. Nxd4 Nf6 5. Nc3 a6 6. f4 e5 7. Nf3 Nbd7 8. a4
Be7 9. Bd3 Qc7 10. O-O O-O 11. Kh1 exf4 12. Bxf4 Ne5 13. Nxe5 dxe5 14. Bg5 Be6
15. Qf3 Rfe8 16. Qg3 Nh5 17. Qh4 Bxg5 18. Qxg5 Nf4 19. Rf3 f6 20. Qh4 Rad8 21.
Rg3 Qf7 22. Rf3 Rd7 23. Raf1 Red8 24. Qg3 Kf8 25. h3 Qg6 26. Qxg6 hxg6 27. Rd1
g5 28. g4 Kf7 29. Rd2 Ke7 30. Kg1 Bc4 31. Rd1 Bxd3 32. cxd3 Ke8 33. Kf1 Rxd3
34. Rdxd3 Rxd3 35. Rxd3 Nxd3 36. b3 Nf4 37. Kf2 Nxh3+ 38. Kg3 Nf4 39. Kf3 Kd7
40. Nd1 Kc6 41. Ne3 g6 42. b4 b6 43. Kg3 Ne2+ 44. Kf3 Nc3 45. a5 bxa5 46. bxa5
Kb5 47. Nc2 Kxa5 48. Ke3 Nb5 49. Kd3 Nc7 50. Kc4 Kb6 51. Nb4 a5 52. Nc2 Kc6 53.
Ne3 Kd6 54. Nc2 Ne6 55. Ne3 Nf4 56. Kb5 a4 0-1

[Event "DVM U14 2012"]
[Site "Magdeburg GER"]
[Date "2012.12.28"]
[Round "3"]
[White "Wierzbicki, Jirawat"]
[Black "Brüll, Elias"]
[Result "1-0"]
[Termination "normal"]
[Board "5.4"]
[WhiteElo "1669"]
[BlackElo "1316"]
[WhiteTeam "TuS Makkabi Berlin"]
[BlackTeam "SC Bavaria Regensburg 1881"]
[WhiteFideId "1153579"]
[BlackFideId "12964921"]
[EventCountry "GER"]
[EventRounds "7"]
[EventType "team-swiss"]
[EventDate "2012.12.26"]

1. e4 c5 2. c3 g6 3. d4 cxd4 4. cxd4 d5 5. exd5 Nf6 6. Nc3 Nxd5 7. Bc4 Nxc3 8.
bxc3 Qc7 9. Qb3 e6 10. Nf3 Nc6 11. Bd3 Bg7 12. O-O O-O 13. Ba3 Re8 14. Rfe1 a6
15. Rac1 b5 16. Qc2 Bb7 17. Nd2 Rac8 18. Ne4 Red8 19. Nc5 Rd5 20. Nxb7 Qxb7 21.
Be4 Rg5 22. Qe2 Qd7 23. Rcd1 Ne7 24. Bc1 Rh5 25. Bf3 Rf5 26. g4 Rd5 27. Bxd5
Nxd5 28. Bb2 Nxc3 29. Bxc3 Rxc3 30. d5 exd5 31. Qe8+ Qxe8 32. Rxe8+ Bf8 33.
Rxd5 Kg7 34. Ra8 Ra3 35. Rdd8 Bc5 36. g5 f6 37. Rd7+ 1-0

[Event "DVM U14 2012"]
[Site "Magdeburg GER"]
[Date "2012.12.28"]
[Round "3"]
[White "Bykov, Ilya"]
[Black "Bilchinski, Anton"]
[Result "1/2-1/2"]
[Termination "normal"]
[Board "6.1"]
[WhiteElo "1683"]
[BlackElo "1912"]
[WhiteTeam "Karlsruher SF 1853"]
[BlackTeam "SK 1908 Göggingen"]
[WhiteFideId "12918059"]
[BlackFideId "24615765"]
[EventCountry "GER"]
[EventRounds "7"]
[EventType "team-swiss"]
[EventDate "2012.12.26"]

1. e4 c5 2. d4 cxd4 3. c3 dxc3 4. Nxc3 Nc6 5. Bc4 a6 6. a4 d6 7. Nf3 Nf6 8. h3
e6 9. O-O Be7 10. Qc2 O-O 11. Rd1 Qc7 12. Bb3 Ne5 13. Nd4 b6 14. f4 Ned7 15. f5
e5 16. Nde2 Qc5+ 17. Kh2 Bb7 18. Qd3 Qc7 19. Qf3 Rfd8 20. Kh1 Nc5 21. Bc2 a5
22. Nd5 Nxd5 23. exd5 Re8 24. Ng3 Qd8 25. Qg4 Kh8 26. Nh5 g6 27. fxg6 fxg6 28.
Bh6 Rg8 29. Ng3 Bc8 30. Qf3 Bf8 31. Be3 Bg7 32. Rf1 Ba6 33. Rfd1 Rf8 34. Qg4
Bc8 35. Qe2 Qh4 36. Qe1 Ba6 37. Bf2 Qe7 38. Qd2 Bb7 39. Be3 Qh4 40. Ra3 Qe7 41.
Bg5 Qc7 42. Ne4 Bc8 1/2-1/2

[Event "DVM U14 2012"]
[Site "Magdeburg GER"]
[Date "2012.12.28"]
[Round "3"]
[White "Reimann, Sebastian"]
[Black "Wiesner, Alexander"]
[Result "1-0"]
[Termination "normal"]
[Board "6.2"]
[WhiteElo "1625"]
[BlackElo "1638"]
[WhiteTeam "SK 1908 Göggingen"]
[BlackTeam "Karlsruher SF 1853"]
[WhiteFideId "12928054"]
[BlackFideId "12943991"]
[EventCountry "GER"]
[EventRounds "7"]
[EventType "team-swiss"]
[EventDate "2012.12.26"]

1. e4 c5 2. Nf3 e6 3. d4 cxd4 4. Nxd4 Nf6 5. Bd3 d6 6. O-O Be7 7. Nc3 a6 8. Be3
Nbd7 9. Nb3 b6 10. f3 O-O 11. Qe1 Bb7 12. Rd1 Qc7 13. Qg3 Kh8 14. Qf2 Rac8 15.
Na4 Nc5 16. Nc3 Rfd8 17. Bf4 Qc6 18. Kh1 Ncd7 19. Bg3 Qc7 20. Rfe1 Nh5 21. Rb1
Nxg3+ 22. Qxg3 Bf6 23. Ne2 d5 24. exd5 Qxg3 25. Nxg3 Bxd5 26. Ne4 Be7 27. a3 a5
28. Nd4 Nc5 29. Nxc5 Bxc5 30. Ne2 g6 31. Nf4 Bb7 32. b4 axb4 33. axb4 Bf8 34.
b5 Ra8 35. h3 Ra4 36. Ne2 Bg7 37. Ng3 Bd5 38. Ne4 Bc4 39. Bxc4 Rxc4 40. Red1
Rcc8 41. Nd6 Rxd6 42. Rxd6 Rb8 43. c4 Be5 44. Rc6 Bd4 45. Rd1 Bc5 46. Rd7 Kg7
47. Rxe6 h5 48. Rc6 Bf2 49. g4 hxg4 50. hxg4 Be3 51. Rcc7 Rf8 52. Kg2 Kf6 53.
Kf1 Ke6 54. Re7+ 1-0

[Event "DVM U14 2012"]
[Site "Magdeburg GER"]
[Date "2012.12.28"]
[Round "3"]
[White "Ospina Ocampo, Antonio"]
[Black "Reimann, Matthias"]
[Result "0-1"]
[Termination "normal"]
[Board "6.3"]
[WhiteElo "1331"]
[BlackElo "1607"]
[WhiteTeam "Karlsruher SF 1853"]
[BlackTeam "SK 1908 Göggingen"]
[WhiteFideId "12946362"]
[BlackFideId "12928046"]
[EventCountry "GER"]
[EventRounds "7"]
[EventType "team-swiss"]
[EventDate "2012.12.26"]

1. e4 c5 2. Nf3 d6 3. d4 cxd4 4. Nxd4 Nf6 5. Nc3 g6 6. Bb5+ Bd7 7. Bxd7+ Qxd7
8. O-O Bg7 9. f4 Nc6 10. Nf3 Rc8 11. e5 dxe5 12. fxe5 Qxd1 13. Rxd1 Ng4 14. e6
fxe6 15. h3 Nf6 16. Ng5 Nd8 17. Re1 Rc6 18. Bf4 h6 19. Nf3 g5 20. Bg3 Nd5 21.
Be5 Bxe5 22. Nxe5 Rc7 23. Nxd5 exd5 24. c3 Nc6 25. Rad1 e6 26. Nf3 Ke7 27. Rd2
Rd7 28. Ne5 Nxe5 29. Rxe5 Rf8 30. Rd4 Kf6 31. Re2 e5 32. Rd1 Re8 33. Kf2 Re6
34. Red2 Red6 35. Ke3 Ke6 36. g4 Rf7 37. a3 Rf4 38. b3 Rd7 39. Rf2 d4+ 40. cxd4
Rxf2 41. Kxf2 Rxd4 42. Re1 Rd3 43. Re3 Rxe3 44. Kxe3 Kd5 45. Kd3 b5 46. a4 bxa4
47. bxa4 a5 48. Ke3 e4 49. Ke2 Kd4 50. Kd2 e3+ 51. Ke2 Ke4 52. Ke1 Kf3 53. Kf1
Kg3 0-1

[Event "DVM U14 2012"]
[Site "Magdeburg GER"]
[Date "2012.12.28"]
[Round "3"]
[White "Artz, Tobias"]
[Black "Sirbu, Nikita"]
[Result "1-0"]
[Termination "normal"]
[Board "6.4"]
[WhiteElo "1375"]
[BlackElo "1045"]
[WhiteTeam "SK 1908 Göggingen"]
[BlackTeam "Karlsruher SF 1853"]
[WhiteFideId "12928127"]
[BlackFideId "12946370"]
[EventCountry "GER"]
[EventRounds "7"]
[EventType "team-swiss"]
[EventDate "2012.12.26"]

1. e4 c5 2. Bc4 e6 3. Nf3 g6 4. O-O Bg7 5. Nc3 Nc6 6. Re1 Nge7 7. d3 d5 8. exd5
Bxc3 9. bxc3 exd5 10. Bb5 O-O 11. Bh6 Re8 12. Qd2 Nf5 13. Rxe8+ Qxe8 14. Re1
Be6 15. Bg5 a6 16. Bxc6 Qxc6 17. Ne5 Qd6 18. Bf4 Qe7 19. Ng4 Qh4 20. h3 Re8 21.
Bg5 Qh5 22. Nf6+ Kh8 23. Nxh5 gxh5 24. Bf6+ Ng7 25. Qg5 Rg8 26. Bxg7+ Rxg7 27.
Qf6 b5 28. f4 c4 29. f5 cxd3 30. cxd3 h6 31. Qxh6+ Kg8 32. fxe6 Rg6 33. Qxg6+
fxg6 34. e7 Kh7 35. e8=Q Kh6 36. h4 g5 37. Re6+ Kg7 38. Qd7+ Kf8 39. Re8# 1-0

[Event "DVM U14 2012"]
[Site "Magdeburg GER"]
[Date "2012.12.28"]
[Round "3"]
[White "Ridder, David"]
[Black "Renger, Niklas"]
[Result "1/2-1/2"]
[Termination "normal"]
[Board "7.1"]
[WhiteElo "1582"]
[BlackElo "1769"]
[WhiteTeam "SG Turm Raesfeld/Erle"]
[BlackTeam "SG Grün-Weiß Dresden"]
[WhiteFideId "12964867"]
[BlackFideId "12908096"]
[EventCountry "GER"]
[EventRounds "7"]
[EventType "team-swiss"]
[EventDate "2012.12.26"]

1. e4 c5 2. Nc3 Nc6 3. Bb5 Nd4 4. Bc4 e6 5. Nge2 Ne7 6. O-O Nxe2+ 7. Qxe2 Nc6
8. Qd1 Be7 9. d3 O-O 10. f4 Na5 11. f5 Nxc4 12. dxc4 b6 13. Qh5 Bf6 14. Rf3 g6
15. Qh6 Bg7 16. Qf4 Qf6 17. Qg3 exf5 18. exf5 Bb7 19. Bg5 Qe5 20. Re1 Qxg3 21.
Rxg3 Bd4+ 22. Kf1 Rfe8 23. Be7 Ba6 1/2-1/2

[Event "DVM U14 2012"]
[Site "Magdeburg GER"]
[Date "2012.12.28"]
[Round "3"]
[White "Sack, Carl-Anton"]
[Black "Tünte, Marcel"]
[Result "0-1"]
[Termination "normal"]
[Board "7.2"]
[WhiteElo "1446"]
[BlackElo "1543"]
[WhiteTeam "SG Grün-Weiß Dresden"]
[BlackTeam "SG Turm Raesfeld/Erle"]
[WhiteFideId "1270309"]
[BlackFideId "12964875"]
[EventCountry "GER"]
[EventRounds "7"]
[EventType "team-swiss"]
[EventDate "2012.12.26"]

1. e4 e5 2. Nf3 Nc6 3. d4 exd4 4. Nxd4 Bc5 5. Nxc6 bxc6 6. Nc3 Ne7 7. Bc4 O-O
8. O-O Ng6 9. Kh1 Ne5 10. Bb3 d6 11. f4 Ng4 12. Qe2 Nxh2 13. Re1 Bg4 14. Qd3
Qh4 0-1

[Event "DVM U14 2012"]
[Site "Magdeburg GER"]
[Date "2012.12.28"]
[Round "3"]
[White "Hoffmann, Fabian"]
[Black "Michel, Richard"]
[Result "1-0"]
[Termination "normal"]
[Board "7.3"]
[WhiteElo "1633"]
[BlackElo "1596"]
[WhiteTeam "SG Turm Raesfeld/Erle"]
[BlackTeam "SG Grün-Weiß Dresden"]
[WhiteFideId "12964891"]
[BlackFideId "1270310"]
[EventCountry "GER"]
[EventRounds "7"]
[EventType "team-swiss"]
[EventDate "2012.12.26"]

1. e4 c5 2. c3 Qa5 3. Nf3 Nc6 4. Bc4 d6 5. O-O Bg4 6. Bxf7+ Kxf7 7. Ng5+ Ke8 8.
Qxg4 Ne5 9. Qe6 h6 10. d4 cxd4 11. cxd4 hxg5 12. dxe5 Rh6 13. Qxg8 Qxe5 14. g3
e6 15. Nc3 g6 16. f4 Qd4+ 17. Kg2 Ke7 18. fxg5 Rh8 19. Rf7+ 1-0

[Event "DVM U14 2012"]
[Site "Magdeburg GER"]
[Date "2012.12.28"]
[Round "3"]
[White "Schuler, Max"]
[Black "Beckmann, Klaus"]
[Result "1/2-1/2"]
[Termination "normal"]
[Board "7.4"]
[WhiteElo "1529"]
[BlackElo "1465"]
[WhiteTeam "SG Grün-Weiß Dresden"]
[BlackTeam "SG Turm Raesfeld/Erle"]
[WhiteFideId "12964913"]
[BlackFideId "12964905"]
[EventCountry "GER"]
[EventRounds "7"]
[EventType "team-swiss"]
[EventDate "2012.12.26"]

1. e4 e5 2. Nf3 Nc6 3. d4 exd4 4. Nxd4 Nxd4 5. Qxd4 Qf6 6. e5 Qc6 7. Nc3 Bc5 8.
Qd5 Ne7 9. Qxc6 Nxc6 10. Nd5 Bb6 11. Nxb6 axb6 12. f4 O-O 13. Bd3 Nb4 14. a3
Nxd3+ 15. cxd3 f6 16. O-O fxe5 17. fxe5 Rxf1+ 18. Kxf1 Ra5 19. d4 Rd5 20. Be3
d6 21. exd6 Rxd6 22. Rd1 c6 23. Rd2 Be6 24. Ke2 Bd5 25. g3 Bc4+ 26. Kd1 b5 27.
Kc2 Re6 28. Bf4 Kf7 29. Kc3 Bd5 30. Kb4 Ke7 31. Kc5 Kd7 32. Kb6 Kc8 33. Be5 g6
34. Rf2 Re8 35. Rf4 Be6 1/2-1/2

[Event "DVM U14 2012"]
[Site "Magdeburg GER"]
[Date "2012.12.28"]
[Round "3"]
[White "Scholz, Robert"]
[Black "Wanner, Lukas"]
[Result "1-0"]
[Termination "normal"]
[Board "8.1"]
[WhiteElo "1891"]
[BlackElo "1751"]
[WhiteTeam "USV TU Dresden"]
[BlackTeam "SK Doppelbauer Kiel"]
[WhiteFideId "1270301"]
[BlackFideId "12918148"]
[EventCountry "GER"]
[EventRounds "7"]
[EventType "team-swiss"]
[EventDate "2012.12.26"]

1. e4 c5 2. Nc3 Nc6 3. Bb5 Nd4 4. Bc4 e6 5. Nge2 a6 6. d3 b5 7. Bb3 g6 8. Nxd4
cxd4 9. Ne2 Bg7 10. O-O Bb7 11. f4 Ne7 12. Ng3 O-O 13. f5 Nc6 14. Qg4 Bf6 15.
Nh5 Ne5 16. Nxf6+ Qxf6 17. Qg3 exf5 18. Rxf5 Qg7 19. Rxe5 1-0

[Event "DVM U14 2012"]
[Site "Magdeburg GER"]
[Date "2012.12.28"]
[Round "3"]
[White "Wiemann, Niklas"]
[Black "Fuchs, Sebastian"]
[Result "1/2-1/2"]
[Termination "normal"]
[Board "8.2"]
[WhiteElo "1452"]
[BlackElo "1673"]
[WhiteTeam "SK Doppelbauer Kiel"]
[BlackTeam "USV TU Dresden"]
[WhiteFideId "12964832"]
[EventCountry "GER"]
[EventRounds "7"]
[EventType "team-swiss"]
[EventDate "2012.12.26"]

1. d4 d5 2. g3 Nf6 3. Bg2 e6 4. Bg5 h6 5. Bxf6 Qxf6 6. e3 c5 7. c4 cxd4 8. exd4
dxc4 9. Qa4+ Bd7 10. Qxc4 Nc6 11. Ne2 Bb4+ 12. Nbc3 O-O 13. O-O Bxc3 14. bxc3
Rfc8 15. Qb3 Rab8 16. Rac1 Ne7 17. Qa3 a6 18. Rfd1 Bb5 19. Nf4 Ng6 20. Nxg6
Qxg6 21. Qb3 Bc6 22. Bxc6 Rxc6 23. c4 Qg5 24. h4 Qe7 25. d5 exd5 26. cxd5 Rd6
1/2-1/2